000 00958nas a2200277 4500
001 BR7306633
003 BR-BrBNA
005 20231205082615.0
007 ta
008 230509b bl.|||p| |||| 00| 00por d
040 _aBR-BrBNA
_bpor
_cBiblioteca Nacional de Agricultura
041 _a(Pt)
072 _aH10
100 1 _aVieira, M.J.
100 1 _aOliveira, C.A.L. de
100 1 _aMatuo, T.
111 1 _aEncontro Regional da Sociedade Brasileira para o Progresso da Ciencia
_cJaboticabal, SP (Brazil)
_d6 May 1974
245 1 _aEfeito de dois metodos de aplicacao sobre a populacao de acaro da falsa ferrugem, Phyllocoptructa oleivora Ashm., 1879, na cultura do citrus
650 _aFRUTA CITRICA
650 _aACARO
650 _aCONTROLE QUIMICO
650 _aFERRUGEM
773 0 _tCiencia e Cultura (Brazil)
_xISSN 0009-6725
_g(Dec 1975), v. 27(12) p. 1336
_wBR7306633
909 _a202311
_bLúcia
_c55
_dLúcia Elande
942 _2AGRIS
_n0
_cANA
999 _c93188
_d93188